El nuevo institucionalismo (Registro nro. 7011)
[ vista simple ]
| 000 -LEADER | |
|---|---|
| fixed length control field | 01069 a2200217 4500 |
| 001 - CONTROL NUMBER | |
| control field | 60482 |
| 005 - DATE AND TIME OF LATEST TRANSACTION | |
| control field | 20260407155856.0 |
| 008 - FIXED-LENGTH DATA ELEMENTS--GENERAL INFORMATION | |
| fixed length control field | 260407a2003 arg spa d |
| 003 - CONTROL NUMBER IDENTIFIER | |
| control field | AR-UNSa-BCEJYS |
| 040 ## - CATALOGING SOURCE | |
| Original cataloging agency | AR-UNSa-BCEJYS |
| Language of cataloging | spa |
| Transcribing agency | AR-UNSa-BCEJYS |
| 080 ## - UNIVERSAL DECIMAL CLASSIFICATION NUMBER | |
| Universal Decimal Classification number | 320 |
| Common auxiliary subdivision | Ciencia Política (Política y Gobierno) |
| 020 ## - INTERNATIONAL STANDARD BOOK NUMBER | |
| International Standard Book Number | 978-84-7432-887-5 |
| 041 ## - LANGUAGE CODE | |
| Language code of text/sound track or separate title | spa |
| 100 1# - MAIN ENTRY--PERSONAL NAME | |
| Personal name | Peters, B. Guy |
| 245 10 - TITLE STATEMENT | |
| Title | El nuevo institucionalismo |
| Name of part/section of a work | La teoría institucional en ciencia política |
| 264 #1 - PRODUCTION, PUBLICATION, DISTRIBUTION, MANUFACTURE, AND COPYRIGHT NOTICE | |
| Place of production, publication, distribution, manufacture | Barcelona : |
| Name of producer, publisher, distributor, manufacturer | Gedisa |
| Date of production, publication, distribution, manufacture, or copyright notice | 2003 |
| 300 ## - PHYSICAL DESCRIPTION | |
| Extent | 254 p. |
| Dimensions | 22 cm. |
| 505 ## - FORMATTED CONTENTS NOTE | |
| Formatted contents note | 1. Viejo y nuevo institucionalismo - 2. Las raíces del nuevo institucionalismo: el institucionalismo normativo – 3. Teoría de la elección racional y teoría institucional – 4. El legado del pasado: el institucionalismo histórico – 5. Institucionalismo empírico – 6. Institucionalismo sociológico – 7. Institución de representación de intereses – 8. Institucionalismo internacional – 9. ¿Un institucionalismo o muchos? - |
| 590 ## - LOCAL NOTE (RLIN) | |
| Local note | niveau_biblio:m niveau_hierar:0 |
| 942 ## - ADDED ENTRY ELEMENTS (KOHA) | |
| Koha item type | |
| Withdrawn status | Lost status | Damaged status | Not for loan | Home library | Current library | Shelving location | Date acquired | Total checkouts | Full call number | Barcode | Date last seen | Price effective from | Koha item type | Public note |
|---|---|---|---|---|---|---|---|---|---|---|---|---|---|---|
| Biblioteca Prof. Eusebio Cleto del Rey | Biblioteca Prof. Eusebio Cleto del Rey | 07/04/2026 | 320 P478 | L129200 | 07/04/2026 | 07/04/2026 | Libro | RESALTADOR PÁG 9,10,13,20,22,23,96,87,85,77 - CONTRATAPA Y CANTO MANCHADOS - LÁPIZ PÁG 96,85,77,79 - LAPICERA PÁG 96 |